Sudden Death - Champions League Winner - Statistics

General Stats
  • This quiz has been taken 78 times
  • The average score is 4 of 8
Answers on the Grid
Answers color-coded by a green-red scale on the quiz's grid according to % correct below.
Real Madrid
Everton
Juventus
Nottingham Forest
Inter Milan
Atletico Madrid
Barcelona
Paris Saint-Germain
Manchester United
Manchester City
PSV
Dortmund
Zagreb
Galatasary
Sporting Lisbon
Dynamo Kyiv
 
Answer Stats
Answer % Correct
Real Madrid
98%
Juventus
66%
Barcelona
50%
Inter Milan
50%
Manchester City
48%
Manchester United
48%
Paris Saint-Germain
40%
Dortmund
32%
No matching quizzes found
Score Distribution
Percent of People with Each Score
Percentile by Number Answered
Your Score History
You have not taken this quiz